00620nam a2200205 a 450000100060000000300080000600500170001400800410003102000160007203500190008804000270010704100080013408200280014210000210017024500790019126000420027030000250031250400410033765000360037852276BD-RjUL20211209075758.01609 s1994 ii b 000 0 eng  a0706976215  a(BD-RjUL)52396 aDLCcDLCbengdBD-RjUL aeng 223a330.95489bSIS 19941 aSiriweera, W. I.12aA study of the economic history of pre-modern Sri Lanka /cW.I. Siriweera. aNew Delhi :bVikas Pub. House,cc1994 aix, 176 p. ;c23 cm. aIncludes bibliographical references. aEconomic conditions.zSri Lanka